|
|
|
|
| LEADER |
00797nab a2200229 i 4500 |
| 001 |
publ32355 |
| 005 |
20250401160020.0 |
| 008 |
250401s1991 hu o 000 eng d |
| 022 |
|
|
|a 0001-5555
|
| 024 |
7 |
|
|a 105854
|2 mtmt
|
| 040 |
|
|
|a SZTE Publicatio Repozitórium
|b hun
|
| 041 |
|
|
|a eng
|
| 100 |
1 |
|
|a Kiss Mária
|
| 245 |
1 |
4 |
|a The occurrence of antinuclear, anti-SSA/Ro and anti-SSB/La antibodies in patients with polymorphous light eruption
|h [elektronikus dokumentum] /
|c Kiss Mária
|
| 260 |
|
|
|c 1991
|
| 300 |
|
|
|a 341-343
|
| 490 |
0 |
|
|a ACTA DERMATO-VENEREOLOGICA
|v 71
|
| 650 |
|
4 |
|a Általános orvostudomány
|
| 650 |
|
4 |
|a Klinikai orvostan
|
| 700 |
0 |
1 |
|a Husz Sándor
|e aut
|
| 700 |
0 |
1 |
|a Dobozy Attila
|e aut
|
| 856 |
4 |
0 |
|u http://publicatio.bibl.u-szeged.hu/32355/1/aok_klny_379_91.pdf
|z Dokumentum-elérés
|